Statistics for Dolphin Tale 2 Characters

Click here to take the quiz!

General Stats

  • This quiz has been taken 66 times
  • The average score is 6 of 13

Answer Stats

Played ByDescriptionCharacter% Correct
WinterThe dolphin who has a prosthetic tailWinter
65%
HopeAn orphan dolphin who Winter befriendsHope
62%
Bethany HamiltonA professional surfer who lost her arm to a sharkBethany Hamilton
57%
Ashley JuddThe mother of the boy who found WinterLorraine Nelson
54%
Nathan GambleThe boy who found WinterSawyer Nelson
54%
Harry Connick Jr.The operator of Clearwater Marine AquariumDr. Clay Haskett
49%
Cozi ZuehlsdorffThe daughter of the operator of Clearwater Marine AquariumHazel Haskett
49%
Julia JordanThe little girl who found Mandy strandedMandy
43%
Kris KristoffersonThe father of the operator of Clearwater Marine AquariumReed Haskett
35%
Austin HighsmithA trainer at Clearwater Marine AquariumPhoebe
30%
Morgan FreemanThe man who makes Winter's tailDr. Cameron McCarthy
22%
Austin StowellSawyer's cousin who lost his leg in the armyKyle Connellan
19%
Juliana HarkavyA trainer at Clearwater Marine AquariumRebecca
16%

Score Distribution

Percentile by Number Answered

Percent of People with Each Score

Your Score History

You have not taken this quiz